Trijita Gonsalves, women in the civil services: Gender and workplace identities in India (Record no. 529891)

000 -LEADER
fixed length control field 00799nam a22001457a 4500
008 - FIXED-LENGTH DATA ELEMENTS--GENERAL INFORMATION
fixed length control field 250513b ||||| |||| 00| 0 eng d
100 ## - MAIN ENTRY--PERSONAL NAME
Personal name Sodhi, Inderjeet Singh
245 ## - TITLE STATEMENT
Title Trijita Gonsalves, women in the civil services: Gender and workplace identities in India
260 ## - PUBLICATION, DISTRIBUTION, ETC. (IMPRINT)
Place of publication, distribution, etc Indian Journal of Public Administration
300 ## - PHYSICAL DESCRIPTION
Extent 71(1), Mar, 2025: p.210-212
520 ## - SUMMARY, ETC.
Summary, etc Trijita Gonsalves, Women in the Civil Services: Gender and Workplace Identities in India (Routledge, 2022), 170 pp. ₹1,295; £38.99.ISBN: 978-1-032-02417-2 (HBK); ISBN: 978-1-032-04528-3 (PBK); ISBN: 978-1-003-19363-0 (EBK).- Reproduced

https://journals.sagepub.com/doi/full/10.1177/00195561241284452
773 ## - HOST ITEM ENTRY
Main entry heading Indian Journal of Public Administration
906 ## - LOCAL DATA ELEMENT F, LDF (RLIN)
Subject DIP BOOK REVIEW
942 ## - ADDED ENTRY ELEMENTS (KOHA)
Item type Articles
Holdings
Withdrawn status Lost status Source of classification or shelving scheme Damaged status Not for loan Permanent location Current location Date acquired Serial Enumeration / chronology Barcode Date last seen Koha item type
          Indian Institute of Public Administration Indian Institute of Public Administration 2025-05-13 71(1), Mar, 2025: p.210-212 AR135722 2025-05-13 Articles

Powered by Koha